000 00590nam a22002297a 4500
003 UA-OsUOA
001 98680
007 ta
008 20130416b un ||||| |||| 00| 0 ukr d
100 _aСейфуллина Л.
090 _a821.161.1
_bС28
942 _cBK
040 _aUA-OsUOA
_brus
_cUA-OsUOA
_dUA-OsUOA
245 _aПовести
300 _a319 с.
955 _a3
041 _arus
080 _a821.161.1
260 _aМ.
_bСоветская Россия
_c1984
650 7 _a82 Література. Літературознавство
_2UDC
999 _c384518
_d384518